Evangelista del Mar Pacífico : Fray Junípero Serra : padre y fundador de la Alta California : reproducción textual de la publicada por la imprenta de D. Felipe de Zúñiga y Ontiveros, México, 1787 /

Salvato in:
Dettagli Bibliografici
Autore principale: Palou, Francisco (autor)
Altri autori: Riber, Lorenzo (prólogo) (prólogo)
Natura: Libro
Lingua:spagnolo
Pubblicazione: Madrid, España : Aguilar, 1944
Tags: Aggiungi Tag
Nessun Tag, puoi essere il primo ad aggiungerne!!

MARC

LEADER 00000nam^a2200000^a^4500
001 000563733
005 20250521000000.0
009 20260310132012.425
037 |a Acervo ITESO - Biblioteca 
041 |a ESP 
091 |a FGM. 02137 
100 |a Palou, Francisco  |e (autor) 
245 1 0 |a Evangelista del Mar Pacífico :  |b Fray Junípero Serra : padre y fundador de la Alta California : reproducción textual de la publicada por la imprenta de D. Felipe de Zúñiga y Ontiveros, México, 1787 / 
264 1 |a Madrid, España :  |b Aguilar,  |c 1944 
300 |a XXVIII, 317 p. 
336 |a texto  |b txt  |2 rdacontenido 
337 |a sin mediación  |b n  |2 rdamedio 
338 |a volumen  |b nc  |2 rdasoporte 
649 |a XX 
700 |a Riber, Lorenzo  |e (prólogo) 
910 |a Fondo Efraín González Morfín 
920 |a Impresos - Libros 
930 |a Fondos Especiales 
905 |a 130 
901 |a 0500385780  |b IT2  |c ESL  |i D95549  |u 20250521 
902 |a https://opac.biblio.iteso.mx/vufind/Record/000563733